000
00334nam a2200145Ia 4500
100
_a
Mckusick & others
942
_c
BK
654
_a
Computer
245
_a
The design & Implementation of the developments
260
_b
Addison Wesly
_a
Reading
_c
1996
082
_a
5.43
_b
MOK
300
_a
580
546
_a
ENGLISH
999
_c
31144
_d
31144